|
|
|
|
| LEADER |
00986nam a2200253 a 4500 |
| 001 |
adlib96000001 |
| 003 |
ViArRB |
| 005 |
20151026132359.0 |
| 008 |
960221s1955 dcuabcdjdbkoqu001 0deng d |
| 020 |
|
|
|a 8190082507
|
| 022 |
|
|
|
| 040 |
|
|
|a Adlib
|
| 082 |
|
|
|a 027.7:681.14
|
| 245 |
|
|
|a Information technology applications in academic libraries in India with emphasis on network services and information sharing: papers presented at CALIBER 97
|
| 250 |
|
|
|
| 260 |
|
|
|a Ahmedabad
|b Information and Library Network Centre
|c 1997
|
| 300 |
|
|
|a ix, 211p
|
| 500 |
|
|
|a
|
| 100 |
|
|
|a Moorthy, A L
|e ed.by
|
| 700 |
|
|
|a Mangala, P.B.
|
| 942 |
|
|
|c BK
|6 _
|
| 653 |
|
|
|a Academic libraries- India
|a Information technology applications- Academic Libraries- India
|a IT applications- Academic Libraries- India
|a Academic Libraries- IT applications- India
|
| 999 |
|
|
|c 47491
|d 47491
|
| 952 |
|
|
|0 0
|1 0
|4 0
|6 027768114_MOO
|7 0
|9 60071
|a UL
|b UL
|d 2010-06-16
|o 027.7:681.14 MOO
|p 00045368
|r 2010-06-16
|w 2010-06-16
|y BK
|